000 00590nam a2200217 a 4500
001 18623
003 CO-ViMGA
008 141112s2004 ck r 000 u spa d
020 _a8434218658
040 _aCO-ViMGA
_bspa
_cCO-ViMGA
082 0 4 _a751.44 C151
100 1 _aCanal, Fernanda
_919650
245 1 0 _aTodo sobre la tecnica del pastel
250 _a2
260 _aBarcelona (España),
_cParramon,
_c2001
300 _a141.p.
590 _aForma de adquisición : Premio - Mincultura
650 1 4 _aPASTEL - ARTE - TECNICA
_926520
650 1 4 _aPINTURA AL PASTEL
942 _2ddc
_cBK
999 _c3562
_d3562